00458 2200169 4500001002100000005001700021008004100038035002400079082000800103090001400111100001900125245004300144260003700187300003400224650001800258990001200276YOGYA-0412000000028420120419233233.0 ind  0010-041200000000284 a823 a823 Thu M aTHURBER, James aMy life and hard timescJames Thurber. aNew YorkbHarper &brothersc1933 axviii, 153 hlm.bilus.c21 cm aFiksi Inggris a49085-a